000 00957nam a2200265Ia 4500
003 OSt
005 20220923211406.0
006 a|||||r|||| 00| 0
007 ta
008 220922b |||||||| |||| 00| 0 hin d
020 _a9788189859503 (hbk)
_c340
024 _a245,662
037 _bIN-01144, 16/02/2011, Kitab Ghar Prakashan
_cTextual
040 _aARTS
_cARTS
_bhin
041 _2hin
_ahin
082 _aO152,3N12,AR, P9
100 _aविष्णु प्रभाकर
_9156271
245 0 _aअर्द्धनारीश्वर
246 _aArddhanārīshvara
260 _aनयी दिल्ली
_b किताबघर प्रकाशन
_c2009
300 _a421पृ.
_ccm.
650 _aहिन्दी साहित्य
_9156264
942 _hO152,3N12,AR, P9
_cTEXL
_2CC
999 _c299027
_d299027